=LDR 00000nam 2200000 4500 =001 INLIS000000000002900 =005 20130612091220 =008 ***********************************Ind** =035 ##$$0010-061300000002900 =041 ##$$a Ind =082 ##$$a 362.5 =090 ##$$a 362.5, Twi p =100 ##$$a Teikromo, Y Argo =245 ##$$a Pemulung jalanan : konstruksi marginalitas dan perjuangan hidup dalam bayang-bayang budaya dominan / Y Argo Twikromo. -- =260 ##$$a 1999 $b Yogyakarta : Media Pressindo =300 ##$$a xii, 288 hlm. ; 21 cm =650 ##$$a Gelandangan-aspek sosial II =650 ##$$a Yogyakarta-Keadaan sosial =850 ##$$a NBPNMAT